Carlota dá que falar (Registo nº 5666)

Detalhes MARC
000 -Etiqueta do registo
Valores 00581nam a22001811i 4500
090 ## -
-- 5666
100 ## - Dados gerais de processamento
Dados gerais 20170304u u u0frey50 ba
101 0# - Língua de publicação
-- por
200 1# - Titulo e menção de responsabilidade
Primeira menção de responsabilidade Gretha Stevns pseud.
Título próprio Carlota dá que falar
215 ## - Descrição física 
Paginação / Volumes 94 p.
Outras indicações físicas il.
Dimensões 21 cm
210 ## - Publicação
Nome do editor Verbo
Local de publicação Lisboa
Data de publicação 1981
225 2# - Colecção 
Título próprio da colecção Carlota
Indicação de volume 11
300 ## - Notas gerais 
Texto da nota Gretha Stevns é pseudónimo de Daniel Jacob Eilif Mortensen
410 #0 -
-- Carlota
700 #1 - Autor principal (pessoa individual)
Apelido Stevns pseud.
Nome Gretha
-- 070
996 ## - ISO2709
-- 0006151
-- 82-93 STE
-- 00000000
-- 00000000
-- BMVA
-- 1
-- Viana do Alentejo
-- Literatura Juvenil
-- 2
-- Livro
-- 0
-- 1
990 ## - Elementos KOHA
Tipo de documento Livro
995 ## - Localização e informação dos exemplares
-- 2
Exemplares
Situação do levantamento Estado Biblioteca de origem Biblioteca de empréstimo Localização na Estante Código de barras Cota Permissão de empréstimo Tipo de documento
  Completo Biblioteca Municipal de Viana Do Alentejo Biblioteca Municipal de Viana Do Alentejo   0008033 82-93 STE Disponível Livro




Powered by Koha